Normal view
MARC view
- Jawad, Muhammad
Entry Personal Name
001 - CONTROL NUMBER
- control field: 31600
003 - CONTROL NUMBER IDENTIFIER
- control field: NUST
005 - DATE AND TIME OF LATEST TRANSACTION
- control field: 20201015144937.0
008 - FIXED-LENGTH DATA ELEMENTS
- fixed length control field: 201015|| aca||aabn | a|a d
040 ## - CATALOGING SOURCE
- Original cataloging agency: NUST
- Transcribing agency: NUST
100 ## - HEADING--PERSONAL NAME
- Personal name: Jawad, Muhammad
670 ## - SOURCE DATA FOUND
- Source citation: Work cat.: (NUST): Jawad, Muhammad, Radar Hop Frequency Detection for Electronics Support Measurement using Agile Band pass Sampling /, 2018.
